00784cam a2200241 a 450000100060000000300080000600500170001400800410003102000220007202000160009403500190011004000440012904100080017308200260018110000320020724501300023926000310036930000350040049000300043560000320046565000220049770000230051954634BD-RjUL20211209080140.0161108s1999 nyua b 000 1 eng d a1565108221 (pbk)  a156510823X  a(BD-RjUL)54756 aDLCcDLCdDLCdOCoLCdDLCdBD-RjULbeng aeng00a823.912219bCOH 20021 aConrad, Joseph,d1857-1924.10aHeart of darkness :ban authoritative text, backgrounds and sources, criticism /cJoseph Conrad ; edited by Robert Kimbrough. aNew York :bNorton,cc2002 axvii, 207 p. :bill. ;c22 cm.0 aA Norton critical edition10aConrad, Joseph,d1857-1924. aEnglish Fictions 1 aKimbrough, Robert.